| 000 | 00562nam a2200217Ia 4500 | ||
|---|---|---|---|
| 003 | OSt | ||
| 005 | 20250218153640.0 | ||
| 008 | 210210b2003 xxu||||| |||| 00| 0 eng d | ||
| 020 | _a81 87321 92 X | ||
| 040 | _cAL | ||
| 041 | _aKannada | ||
| 082 | _aK894.2 SIDE | ||
| 100 |
_aSIDDALINGAYYA. _dಸಿದ್ದಲಿಂಗಯ್ಯ _9200907 |
||
| 245 |
_aEkalavya. _bಏಕಲವ್ಯ |
||
| 260 |
_aBengaluru. _bAnkita Pustaka _c2003 |
||
| 300 | _a62 | ||
| 650 |
_aNataka _9200908 |
||
| 690 |
_aKannada Drama _9200909 |
||
| 906 | _a058408 | ||
| 942 |
_2ddc _cBK |
||
| 999 |
_c105776 _d105776 |
||